Estadísticas para Jugadores míticos (Que no famosos) de LaLiga #4

Haz click aquí para intentar la prueba.

Estadísticas generales

  • Esta prueba ha sido intentada 122 veces
  • La puntuación promedio es 11 de 24

Estadísticas de respuestas

Respuesta% Correcto
Asenjo
95%
Capdevila
89%
Wu Lei
81%
Vietto
77%
Coke
76%
Wakaso
74%
Marchena
67%
Ximo Navarro
56%
Krohn Dehli
55%
Manuel Pablo
55%
Casquero
47%
Fede Cartabia
40%
Lacen
35%
Santa Cruz
34%
Arizmendi
32%
Laure
32%
Iturra
31%
Kone
25%
Míchel Herrero
24%
Camuñas
23%
Zigic
23%
Movilla
19%
Paulao
19%
Apoño
15%

Distribución de puntuación

Porcentaje por número respondido

Porcentaje de gente con cada puntuación

Historial de tus puntuaciones

No has intentado esta prueba.